000 01146nam a2200205Ia 4500
001 b5296-35287
003 IT-MiCISF
008 161014s9999||||xx |||||||||||||| ||und||
040 _aIT-MiCISF
_cIT-MiCISF
041 _ait
100 _aBonomi Gabriele
245 0 _aLa coppia umana trinità creata
250 _a1a ed.
260 _a Pavia
_bBonomi Editore
_c2001
300 _app. 86
500 _a / matrimonio-sacramento, ministero-coniugale, bibbia / Il volume intende essere una trattazione sistematica della realtà della coppia sessuata in quanto voluta e creata appositamente ad "immagine e somiglianza" del Creatore. L'uomo e la donna sono chiamati a vivere analogicamente e simbolicamente la stessa relazione interpersonale e comunionale d'amore che è in Dio. Il sacramento del matrimonio viene perciò presentato e illustrato come una concreta forma di trinitizzazione (incarnazione del mistero della comunione trinitaria), che giunge fino a costituire, nell'ambito della Chiesa, un particolare e ben definito Ordo Coniugalis.
650 _a Temi di pastorale / matrimonio
_e012
942 _cBK
957 _71
999 _a35287
_bsi
_g1
_c211868
_d211868